[Event "TUR-chT Clubs"]
[Site "Konya"]
[Date "2019.07.19"]
[Round "6.21"]
[White "Kiran, Seyit Kaan"]
[Black "Karacelebi, Denizcan"]
[Result "0-1"]
[WhiteElo "1230"]
[BlackElo "1323"]
[PlyCount "129"]
[EventDate "2019.07.16"]
[EventType "team-swiss"]
[EventRounds "9"]
[EventCountry "TUR"]
[SourceTitle "CBM 191 Extra"]
[Source "ChessBase"]
[SourceDate "2019.09.30"]
[SourceVersion "1"]
[SourceVersionDate "2019.09.30"]
[SourceQuality "1"]
[WhiteTeam "Cotanak"]
[BlackTeam "Bornova Belediyesi Genclik"]
[WhiteTeamCountry "TUR"]
[BlackTeamCountry "TUR"]

1. d4 d5 2. c4 e6 3. Nc3 Nf6 4. Nf3 Be7 5. Bg5 h6 6. Bf4 0-0 7. h3 a6 8. e3 b6 9. Bd3 Bb7 10. cxd5 exd5 11. 0-0 Nbd7 12. Qc2 c5 13. Rfe1 b5 14. b3 Rc8 15. Qd2 Qb6 16. Rac1 Rfe8 17. Ne5 Nxe5 18. Bxe5 cxd4 19. Bxd4 Bc5 20. Bxc5 Rxc5 21. Ne2 Rec8 22. Nd4 Qc7 23. Rxc5 Qxc5 24. Nf5 b4 25. Qe2 a5 26. Ba6 Rc7 27. Bxb7 Rxb7 28. Qd2 Rc7 29. Re2 Qb5 30. Nd4 Qa6 31. Qd1 Ne4 32. Rc2 Nc3 33. Qd2 Rc5 34. Ne2 Qc6 35. Nxc3 Rxc3 36. Rxc3 bxc3 37. Qc2 Qc5 38. Kf1 d4 39. exd4 Qxd4 40. Ke2 Qe5+ 41. Kf1 f5 42. a3 Kf8 43. b4 axb4 44. axb4 g6 45. Qd3 Qc7 46. Qc2 Qc4+ 47. Ke1 Qxb4 48. Kd1 Qd4+ 49. Ke2 Kg7 50. Qd3 Qe5+ 51. Kd1 h5 52. Kc2 Kh6 53. Qxc3 Qe4+ 54. Kd2 Qxg2 55. Qh8+ Kg5 56. Qd8+ Kf4 57. Qd4+ Qe4 58. Qd6+ Kg5 59. h4+ Qxh4 60. Qd8+ Kg4 61. Qd4+ Kh3 62. Qd3+ Kg2 63. Qd5+ Qe4 64. Qxe4+ fxe4 65. Ke3 0-1